000 00307nam a22001337a 4500
020 _a0-07-043536-7
041 _aENG
100 _aKrishnamurthy.N
245 _aIntroduction to Computer Graphics
260 _aNew Delhi
_bTata McGraw Hill
_c2004
300 _a343
650 _aM.Tech
856 _uM.Tech ( 7 )
999 _c1034
_d1034